000 00737nam a22002657i 4500
003 DO-SdBNP
005 20250529134502.0
007 ta
008 250529b2025 |||||||| |||| 00| 0 spa d
020 _a978994510897854
040 _aDO-SdBNP
_bspa
_cBNPHU
_erda
041 _hspa
082 _axxx
_bV297m
_222
100 1 _aVargas Medina, Kevin
_eautor
_987613
245 0 _aMaxine supreme /
_cKevin Vargas Medina
250 _asegunda edición
264 _aSanto Domingo :
_bLetrame Editorial,
_c2025.
300 _a590 páginas ;
_c23 cm
336 _ardacontent
_btxt
_2txt
337 _ardamedia
_bsin mediación
_2n
338 _ardacarrier
_bvolumen
_2nc
590 _aInventariado, 2025/DG
910 _aDG
942 _2ddc
_cLBS1
999 _c58885
_d58885